Normal view
MARC view
Entry Personal Name
001 - CONTROL NUMBER
- control field: 7387
003 - CONTROL NUMBER IDENTIFIER
- control field: OSt
005 - DATE AND TIME OF LATEST TRANSACTION
- control field: 20190724112813.0
008 - FIXED-LENGTH DATA ELEMENTS
- fixed length control field: 190724|| aca||aabn | a|a d
040 ## - CATALOGING SOURCE
- Original cataloging agency: OSt
- Transcribing agency: OSt
100 ## - HEADING--PERSONAL NAME
- Personal name: Kamal, Muntaseer
670 ## - SOURCE DATA FOUND
- Source citation: Work cat.: (OSt): Bairagi, Subir 7386, Is Bangladesh's economy approaching the Lewis turning point?, 2019
